College Football Helmets #5 - Statistics

General Stats
  • This quiz has been taken 34 times
  • The average score is 18 of 20
Answer Stats
Picture Answer % Correct
James Madison
96%
Oregon State
96%
South Florida
96%
Utah State
96%
Western Kentucky
96%
Boise State
92%
Buffalo
92%
East Carolina
92%
Northern Illinois
92%
Rice
92%
Tulane
92%
Washington State
92%
Appalachian State
88%
Arkansas State
88%
Kennesaw State
88%
Louisiana Tech
88%
Coastal Carolina
83%
Miami (OH)
83%
Middle Tennessee
83%
Western Michigan
71%
No matching quizzes found
Score Distribution
Percent of People with Each Score
Percentile by Number Answered
Your Score History
You have not taken this quiz